[Event "AUTO-ADV-2918"]
[Site "http://www.queenalice.com/game.php?id=1203291"]
[Date "2013.7.28"]
[Round "1"]
[White "Mick_Gray"]
[Black "yasseryack"]
[Result "0-1"]
[WhiteElo "1818"]
[BlackElo "1866"]

1. f4 g6 2. e4 Bg7 3. Nf3 d6 4. d4 Nf6 5. Bd3 O-O 6. O-O Nc6 7. c4 Bg4 8. Be3
Nh5 9. h3 Bxf3 10. Qxf3 Nb4 11. Bd2 Bxd4+ 12. Kh2 Nxd3 13. Qxd3 Bxb2 14. Bc3
Bxa1 15. Bxa1 c6 16. Qc3 f5 17. exf5 gxf5 18. Qh8+ Kf7 19. Qxh7+ Ke6 20. Qxh5
Kd7 21. Re1 Kc7 22. Bg7 Rg8 23. Bc3 Qd7 24. Nd2 c5 25. Rb1 Qc6 26. Nf3 Rae8 27.
Qxf5 Ref8 28. Qd5 Qxd5 29. cxd5 Rxf4 30. Re1 Kd7 31. Ra1 Rc4 32. Rc1 b5 33. Nd2
Ra4 34. Rc2 Rg5 35. Nb1 Rxd5 36. Bg7 a5 37. Nc3 Rc4 38. Nxd5 Rxc2 39. a3 e5 40.
h4 e4 41. h5 Ke6 42. Ne3 Rf2 43. h6 Kf7 44. Kg3 Re2 45. Kf4 d5 46. g4 d4 47. Nf5
Rf2+ 48. Kxe4 b4 49. axb4 axb4 50. Kd5 d3 51. Kxc5 Rxf5+ 52. gxf5 d2 53. Kxb4
d1=Q 54. f6 Qd4+ 55. Kb5 Kg8 56. Kc6 Qe4+ 0-1

[Event "AUTO-ADV-2918"]
[Site "http://www.queenalice.com/game.php?id=1203302"]
[Date "2013.7.28"]
[Round "1"]
[White "Mick_Gray"]
[Black "biskydad"]
[Result "1/2-1/2"]
[WhiteElo "1820"]
[BlackElo "1791"]

1. f4 Nf6 2. c4 d6 3. Nc3 a6 4. e4 e5 5. Nf3 Nc6 6. Qa4 Bd7 7. Nd5 Nd4 8. Qd1
Nxe4 9. fxe5 dxe5 10. d3 Nd6 11. Nxe5 Be6 12. Qa4+ c6 13. c5 N6b5 14. Nc3 Bxc5
15. Ne4 Bb4+ 16. Bd2 Bxd2+ 17. Nxd2 O-O 18. O-O-O f6 19. Nef3 c5 20. Nxd4 Nxd4
21. Re1 Bd7 22. Qd1 Rc8 23. h4 b5 24. g4 f5 25. g5 Rc6 26. Bg2 Rc7 27. g6 hxg6
28. h5 g5 29. h6 g6 30. Bd5+ Kh7 31. Nf3 Nxf3 32. Qxf3 g4 33. Qf4 Bc6 34. Bxc6
Rxc6 35. Rd1 Qa5 36. a3 b4 37. Qe5 Rf7 38. Qe8 Rcc7 39. a4 Rfe7 40. Qd8 Qxa4 41.
Rhe1 Red7 42. Qf6 Rf7 43. Qg5 c4 44. dxc4 Rxc4+ 45. Kb1 Qc6 46. Re7 Rxe7 47.
Qxe7+ Kxh6 48. Rh1+ Qxh1+ 49. Ka2 Qf3 50. Qh4+ Kg7 51. Qe7+ 1/2-1/2

[Event "AUTO-ADV-2918"]
[Site "http://www.queenalice.com/game.php?id=1203303"]
[Date "2013.7.28"]
[Round "1"]
[White "biskydad"]
[Black "Mick_Gray"]
[Result "1-0"]
[WhiteElo "1788"]
[BlackElo "1838"]

1. d4 f5 2. e3 Nf6 3. Bd3 c5 4. Bxf5 Nc6 5. Nc3 e6 6. Be4 d5 7. Bd3 c4 8. Be2
Bb4 9. Nf3 Bxc3+ 10. bxc3 Ne4 11. O-O Nxc3 12. Qe1 Nxe2+ 13. Qxe2 b5 14. c3 O-O
15. e4 a5 16. exd5 exd5 17. Ng5 Rf5 18. Ne6 Qe7 19. Re1 h6 20. Nf4 Qxe2 21. Nxe2
b4 22. Nf4 bxc3 23. Be3 Nb4 24. Re2 Rg5 25. Ne6 Rg6 26. Nc5 Bg4 27. f3 Bxf3 28.
Rf2 Rf8 29. Nd7 Re8 30. Rxf3 Nc2 31. Ne5 Rge6 32. Rc1 Nb4 33. Rxc3 Nxa2 34. Ra3
Nb4 35. Rxa5 Rc8 36. Ra7 c3 37. Rff7 c2 38. Rxg7+ Kh8 39. Ng6+ Rxg6 40. Rxg6 Re8
41. Rxh6+ Kg8 42. Bd2 Re1+ 43. Kf2 Nd3+ 44. Kf3 Nc1 45. Bxe1 Nb3 46. Rd6 Nxd4+
47. Kf2 Ne6 48. Rxe6 Kf8 49. Rb6 c1=Q 50. Rb8+ Qc8 51. Rxc8# 1-0

[Event "AUTO-ADV-2930"]
[Site "http://www.queenalice.com/game.php?id=1207248"]
[Date "2013.8.11"]
[Round "1"]
[White "zolaweed"]
[Black "Mick_Gray"]
[Result "0-1"]
[WhiteElo "2019"]
[BlackElo "1837"]

1. e4 d6 2. c3 f5 3. d3 Nf6 4. Ne2 fxe4 5. dxe4 e5 6. Ng3 b6 7. Bg5 Be7 8. Nd2
O-O 9. Qb3+ Kh8 10. Bd3 Ng4 11. Bxe7 Qxe7 12. Nf3 Na6 13. Qc2 Nc5 14. Bc4 a5 15.
Bd5 Rb8 16. h3 Nf6 17. c4 Bd7 18. O-O c6 0-1

[Event "AUTO-ADV-2930"]
[Site "http://www.queenalice.com/game.php?id=1207249"]
[Date "2013.8.11"]
[Round "1"]
[White "Mick_Gray"]
[Black "zolaweed"]
[Result "0-1"]
[WhiteElo "1780"]
[BlackElo "2092"]

1. f4 d5 2. Nf3 c5 3. e3 Nc6 4. c4 Nf6 5. b3 Bf5 6. cxd5 Nxd5 7. Bc4 Ndb4 8. Na3
e6 9. O-O Be7 10. Bb2 Bf6 11. Bxf6 gxf6 12. Nb5 Qd7 13. a3 Nd5 14. Bxd5 exd5 15.
d3 Rg8 16. Nh4 Bh3 17. Kh1 Bg4 18. Qe1 Bh5 19. h3 a6 20. Nc3 O-O-O 21. g4 Rde8
22. Rf3 Bxg4 23. hxg4 Qxg4 24. Qg3 Qxg3 25. Rxg3 Rxg3 26. Nf5 Rexe3 27. Nxg3
Rxg3 28. Rd1 Ne7 29. Kh2 Rf3 30. Na4 Rxf4 31. Nxc5 Rf2+ 32. Kg1 Rc2 33. Re1 Rxc5
34. Rxe7 Rc3 35. Rxf7 Rxb3 36. Rxh7 Rxa3 37. Rh3 Kd7 38. Kf2 Kc6 39. Ke2 Kc5 40.
d4+ Kb4 41. Rh7 b5 42. Rc7 Rc3 43. Rf7 Kc4 44. Rxf6 a5 45. Kd2 b4 46. Ra6 Ra3
47. Kc2 Ra2+ 48. Kb1 b3 49. Rc6+ Kxd4 50. Rb6 a4 51. Rc6 a3 52. Rb6 Kc4 53. Rc6+
Kb5 54. Rc3 Kb4 55. Rf3 Rh2 56. Kc1 a2 57. Rf4+ Kb5 58. Rd4 a1=Q# 0-1

[Event "AUTO-ADV-2930"]
[Site "http://www.queenalice.com/game.php?id=1207264"]
[Date "2013.8.11"]
[Round "1"]
[White "kakocarvalho"]
[Black "Mick_Gray"]
[Result "0-1"]
[WhiteElo "1793"]
[BlackElo "1839"]

1. g3 f5 2. d3 e5 3. Bg2 Bd6 4. Nf3 Nf6 5. O-O O-O 6. Re1 f4 7. e4 fxg3 8. fxg3
c6 9. Nbd2 Ng4 10. a3 Qb6+ 11. Kh1 Nf2+ 0-1

[Event "AUTO-ADV-2930"]
[Site "http://www.queenalice.com/game.php?id=1207265"]
[Date "2013.8.11"]
[Round "1"]
[White "Mick_Gray"]
[Black "kakocarvalho"]
[Result "1-0"]
[WhiteElo "1819"]
[BlackElo "1777"]

1. f4 d6 2. b3 Nf6 3. Bb2 e6 4. Nf3 g6 5. e4 Bg7 6. Bd3 O-O 7. f5 Re8 8. O-O
exf5 9. exf5 Nd5 10. Bxg7 Kxg7 11. fxg6 fxg6 12. Bc4 Qf6 13. c3 Nf4 14. b4 Nc6
15. d4 Bd7 16. b5 Na5 17. Nbd2 Nxc4 18. Nxc4 Bxb5 19. Qb3 a6 20. a4 Bxc4 21.
Qxc4 c6 22. g3 Nh3+ 23. Kg2 Qf5 24. Ne5 Qc2+ 25. Kxh3 dxe5 26. Rf7+ Kh8 27. dxe5
Rxe5 28. Qd4 Re8 29. Re1 c5 30. Qxe5+ 1-0

[Event "AUTO-ADV-2930"]
[Site "http://www.queenalice.com/game.php?id=1207274"]
[Date "2013.8.11"]
[Round "1"]
[White "callende"]
[Black "Mick_Gray"]
[Result "0-1"]
[WhiteElo "1934"]
[BlackElo "1833"]

1. e4 d6 2. d4 f5 3. Nc3 Nf6 4. e5 Ne4 5. Nd5 dxe5 6. dxe5 e6 7. Nf4 Bb4+ 8. c3
Nxc3 9. bxc3 Bxc3+ 10. Bd2 Bxa1 11. Qxa1 O-O 12. Bc4 Qe8 13. Bb4 Qa4 14. a3 a5
15. Bxe6+ Bxe6 16. Bxf8 Qxf4 17. Bc5 Nd7 18. Ne2 Qe4 19. f3 Qc2 20. Bd4 Bc4 21.
Qd1 Qxe2+ 22. Qxe2 Bxe2 23. Kxe2 f4 24. Kd3 Re8 25. a4 Nxe5+ 26. Kc3 Nc6 27. Bf2
Kf7 28. Kc4 Re2 29. Rf1 b6 30. g3 Ne5+ 31. Kc3 Nxf3 32. Kd3 Rd2+ 33. Ke4 Nxh2
34. Rc1 Rxf2 35. Rxc7+ Kf8 36. gxf4 Ra2 37. Rc8+ Kf7 38. Rc7+ Kf8 39. Kd5 Rxa4
40. f5 Ng4 41. Kc6 Rc4+ 0-1

[Event "AUTO-ADV-2930"]
[Site "http://www.queenalice.com/game.php?id=1207275"]
[Date "2013.8.11"]
[Round "1"]
[White "Mick_Gray"]
[Black "callende"]
[Result "0-1"]
[WhiteElo "1860"]
[BlackElo "1946"]

1. f4 d5 2. Nf3 Nc6 3. d3 Bf5 4. Nh4 Bg4 5. h3 Bh5 6. Be3 d4 7. Bf2 Nf6 8. g4
Bxg4 9. hxg4 Nxg4 10. Bh3 Nxf2 11. Kxf2 e5 12. fxe5 Qxh4+ 13. Kg2 Qg5+ 14. Kf2
Nxe5 15. Qg1 Qf4+ 16. Ke1 Be7 17. Qxg7 Qc1+ 18. Kf2 Qe3+ 19. Kf1 Bh4 20. Rh2 Ng6
21. Bf5 Qc1+ 22. Kg2 Nf4+ 23. Kf3 Qe3+ 24. Kg4 Qg3# 0-1

[Event "AUTO-ADV-2951"]
[Site "http://www.queenalice.com/game.php?id=1214926"]
[Date "2013.9.7"]
[Round "1"]
[White "biskydad"]
[Black "Mick_Gray"]
[Result "1-0"]
[WhiteElo "1595"]
[BlackElo "1804"]

1. d4 f5 2. c4 b6 3. f3 Nf6 4. Nc3 e6 5. e4 fxe4 6. fxe4 Bb4 7. Bd2 Bxc3 8. bxc3
O-O 9. Bd3 Bb7 10. Nf3 Ng4 11. Ne5 Nf2 12. Qh5 Nxd3+ 13. Nxd3 Bxe4 14. Qe2 Qh4+
15. Kd1 Rf2 16. Nxf2 Bxg2 17. Rg1 Bb7 18. h3 Qf6 19. Ng4 Qf8 20. Kc2 d5 21. Ne5
Nc6 22. c5 bxc5 23. Nd7 Qf5+ 24. Kb2 cxd4 25. Qg4 dxc3+ 26. Bxc3 Qf7 27. Qxg7+
Qxg7 28. Rxg7+ Kh8 29. Re7+ Kg8 30. Rg1# 1-0

[Event "AUTO-ADV-2951"]
[Site "http://www.queenalice.com/game.php?id=1214927"]
[Date "2013.9.7"]
[Round "1"]
[White "Mick_Gray"]
[Black "biskydad"]
[Result "1/2-1/2"]
[WhiteElo "1776"]
[BlackElo "1717"]

1. f4 g6 2. e4 c5 3. Nc3 a6 4. Bc4 Bg7 5. Qf3 e6 6. Nge2 Nc6 7. f5 d5 8. exd5
Ne5 9. Qe4 exf5 10. Qf4 Ne7 11. O-O O-O 12. d4 Nxc4 13. b3 Nd6 14. Bb2 c4 15. b4
b5 16. a4 Bb7 17. axb5 axb5 18. Rae1 Nxd5 19. Nxd5 Bxd5 20. Nc3 Ne4 21. Nxb5 Qb6
22. Nc3 Qxb4 23. Nxd5 Qxb2 24. Re2 Bxd4+ 25. Ne3 Ra1 26. h3 Rxf1+ 27. Qxf1 Ng3
28. Qf2 Nxe2+ 29. Qxe2 Qc1+ 30. Kh2 Bxe3 31. Kg3 f4+ 32. Kg4 f5+ 33. Kh4 g5+ 34.
Kh5 g4 35. Qxc4+ Rf7 36. Qc8+ Kg7 37. Qc3+ Rf6 38. Qc7+ Rf7 39. Qc3+ Kg8 1/2-1/2

[Event "AUTO-ADV-2951"]
[Site "http://www.queenalice.com/game.php?id=1214942"]
[Date "2013.9.7"]
[Round "1"]
[White "KillerQueen"]
[Black "Mick_Gray"]
[Result "1-0"]
[WhiteElo "1855"]
[BlackElo "1722"]

1. d4 f5 2. h4 b6 3. h5 h6 4. Nh3 Bb7 5. Nf4 e6 6. Ng6 Rh7 7. Nxf8 Kxf8 8. Nc3
Nf6 9. Bf4 d6 10. Qd3 Ng4 11. f3 Nf6 12. O-O-O Nc6 13. a3 Qe8 14. g4 g5 15. hxg6
Qxg6 16. gxf5 Qxf5 17. Qxf5 exf5 18. Rxh6 Rf7 19. Rh8+ Ke7 20. Rxa8 Bxa8 21. Bg5
Kd7 22. Bh3 Nh5 23. b4 Ne7 24. d5 Ng3 25. Bxe7 Kxe7 26. Rg1 f4 27. Kd2 Nf5 28.
Bxf5 Rxf5 29. Rg7+ Rf7 30. Rxf7+ Kxf7 31. Kd3 Kf6 32. Ke4 Kg5 33. b5 Bb7 34. Nd1
a6 35. c4 axb5 36. cxb5 Bc8 37. Nf2 Bf5+ 38. Kd4 Kh4 39. Ne4 Bg6 40. a4 Kh3 41.
Ng5+ Kg3 42. Ne6 Kf2 43. Nxf4 Bc2 44. Ne6 Bxa4 45. Nxc7 Kxe2 46. f4 Kf3 47. f5
Bc2 48. f6 Bg6 49. Ne6 Kg4 50. Nd8 1-0

[Event "AUTO-ADV-2951"]
[Site "http://www.queenalice.com/game.php?id=1214943"]
[Date "2013.9.7"]
[Round "1"]
[White "Mick_Gray"]
[Black "KillerQueen"]
[Result "0-1"]
[WhiteElo "1734"]
[BlackElo "1843"]

1. f4 d5 2. e3 c5 3. Nf3 Nc6 4. c4 e6 5. Ne5 Nxe5 6. fxe5 dxc4 7. Bxc4 Qh4+ 8.
g3 Qxc4 9. Na3 Qa6 10. d3 Bd7 11. O-O Nh6 12. e4 Be7 13. Bxh6 gxh6 14. Qf3 Rf8
15. Nc4 Bb5 16. b3 O-O-O 17. a4 Bc6 18. a5 f6 19. exf6 Rxf6 20. Qg4 Rdf8 21. Qg7
Rxf1+ 22. Rxf1 Rxf1+ 23. Kxf1 Kd7 24. Qxh7 b5 25. Ne5+ Kd6 26. Nf7+ Kd7 27. Qxh6
Qxa5 28. Qg7 Qd2 29. Ne5+ Kd6 30. Nxc6 Qxd3+ 31. Kf2 Qd2+ 32. Kf3 Qd1+ 33. Kf4
Qf1+ 34. Kg4 Qe2+ 35. Kf4 Qd2+ 36. Kf3 Qd1+ 37. Kg2 Qe2+ 38. Kh3 Kxc6 39. Qxe7
Qxe4 40. Qxa7 Qf5+ 41. Kh4 Qf6+ 42. Kh3 Qh6+ 43. Kg2 Qd2+ 44. Kh3 Qh6+ 45. Kg2
Kd5 46. Qb7+ Ke5 47. Qc7+ Kd4 48. Qd6+ Ke4 49. Qc6+ Kd3 50. Qxb5+ Kd2 51. Qxc5
Qg6 0-1

[Event "AUTO-ADV-2951"]
[Site "http://www.queenalice.com/game.php?id=1214952"]
[Date "2013.9.7"]
[Round "1"]
[White "EdsonEstevam"]
[Black "Mick_Gray"]
[Result "1-0"]
[WhiteElo "1788"]
[BlackElo "1836"]

1. e4 b6 2. d4 Na6 3. Nf3 d5 4. Nc3 e6 5. Bb5+ Ke7 6. Ne5 Bb7 7. Qf3 f6 8. Bc6
Nb4 9. Bxb7 fxe5 10. Bxa8 Qxa8 11. O-O exd4 12. Nb5 dxe4 13. Bg5+ Nf6 14. Qf4
Qd5 15. Nxc7 Qf5 16. Qc1 h6 17. Bd2 Kf7 18. c3 Nd3 19. Qc2 Bd6 20. cxd4 1-0

[Event "AUTO-ADV-2951"]
[Site "http://www.queenalice.com/game.php?id=1214953"]
[Date "2013.9.7"]
[Round "1"]
[White "Mick_Gray"]
[Black "EdsonEstevam"]
[Result "0-1"]
[WhiteElo "1856"]
[BlackElo "1768"]

1. f4 d5 2. e3 Nf6 3. b3 Bg4 4. Be2 Nc6 5. Bxg4 e6 6. Nf3 Nxg4 7. O-O Bc5 8. d4
Bb6 9. Ba3 Nxe3 10. Qe2 Nxd4 11. Nxd4 Nxc2 12. Qxc2 Bxd4+ 13. Rf2 Bxa1 14. f5
Bd4 15. fxe6 fxe6 16. Kf1 Bxf2 17. Qxf2 Qd7 18. Nc3 b6 19. Qe2 c5 20. Qg4 Rg8
0-1

[Event "Challenge W"]
[Site "http://www.queenalice.com/game.php?id=1216770"]
[Date "2013.9.13"]
[Round "-"]
[White "Mick_Gray"]
[Black "Reddaz"]
[Result "0-1"]
[WhiteElo "1726"]
[BlackElo "1669"]

1. f4 g6 2. e4 Bg7 3. Nf3 c5 4. Bd3 Nc6 5. O-O e6 6. e5 Nge7 7. b3 Nd5 8. g3 d6
9. c4 Ndb4 10. Be4 d5 11. cxd5 exd5 12. a3 dxe4 13. axb4 exf3 14. Qxf3 Qd4+ 15.
Kg2 Qxa1 16. Nc3 Nd4 17. Qd3 cxb4 18. Qxd4 bxc3 19. dxc3 Be6 20. Bd2 Qa3 21. b4
O-O 22. Bc1 Qa2+ 23. Kf3 Bd5+ 24. Ke3 Rac8 25. Rf2 Qb3 26. Bd2 Rfd8 27. h4 Be6
28. Qxa7 Rxc3+ 29. Bxc3 Qxc3+ 30. Ke2 Bg4+ 31. Kf1 Rd1+ 32. Kg2 Qc6+ 33. Kh2
Qh1# 0-1

[Event "Challenge B"]
[Site "http://www.queenalice.com/game.php?id=1216772"]
[Date "2013.9.13"]
[Round "-"]
[White "Reddaz"]
[Black "Mick_Gray"]
[Result "0-1"]
[WhiteElo "1684"]
[BlackElo "1711"]

1. d4 f5 2. c4 Nf6 3. Nc3 e6 4. Bg5 h6 5. Bh4 g5 6. Bg3 f4 7. Bxf4 gxf4 8. Qd3
Qe7 9. Nf3 b6 10. Nh4 Rg8 11. Qf3 c6 12. Qxf4 d6 13. Ne4 Nh5 14. Nxd6+ Kd8 15.
Nf7+ Ke8 16. Qf3 Qxh4 17. g3 Qxd4 18. Qxh5 Bb4# 0-1

[Event "AUTO-ADV-2974"]
[Site "http://www.queenalice.com/game.php?id=1222697"]
[Date "2013.10.7"]
[Round "1"]
[White "glennedy"]
[Black "Mick_Gray"]
[Result "1-0"]
[WhiteElo "1894"]
[BlackElo "1780"]

1. d4 f5 2. c4 b6 3. Nc3 e6 4. a3 Bb7 5. e3 Qg5 6. Nf3 Qg6 7. Ne5 Qf6 8. f4 d6
9. Qa4+ c6 10. Nf3 Nd7 11. Be2 Be7 12. Bd2 Nh6 13. h3 O-O 14. O-O-O a6 15. e4 b5
16. cxb5 axb5 17. Qb3 Ra7 18. e5 dxe5 19. dxe5 Qg6 20. Rhg1 b4 21. Be3 Bc5 22.
Bd4 bxc3 23. Qxc3 Bxd4 24. Qxd4 Ra5 25. Qxd7 Ba6 26. Bxa6 Rxa6 27. Rd6 Nf7 28.
Rxe6 Rd8 29. Re8+ Rxe8 30. Qxe8# 1-0

[Event "AUTO-ADV-2974"]
[Site "http://www.queenalice.com/game.php?id=1222698"]
[Date "2013.10.7"]
[Round "1"]
[White "Mick_Gray"]
[Black "glennedy"]
[Result "1-0"]
[WhiteElo "1714"]
[BlackElo "1892"]

1. f4 d5 2. e3 Bf5 3. Nf3 e6 4. b3 Nf6 5. Bb2 Be7 6. Bd3 Bxd3 7. cxd3 O-O 8. O-O
Nc6 9. Ne5 Nxe5 10. fxe5 Nd7 11. e4 dxe4 12. dxe4 f6 13. exf6 Bxf6 14. d4 e5 15.
d5 Nc5 16. Nc3 Qd7 17. b4 Na6 18. a4 Nxb4 19. a5 Na6 20. d6 cxd6 21. Nd5 Nc7 22.
Qb3 Nxd5 23. Qxd5+ Kh8 24. Rf3 Qc6 25. Qb3 Qxe4 26. Ra4 Qc6 27. Rc4 Qd7 28. Qd3
d5 29. Rh3 g6 30. Rc5 Rad8 31. Qe3 d4 32. Qd2 e4 33. Rc4 e3 34. Qd3 Rfe8 35. Rf3
Bg7 36. Kf1 Qg4 37. Rg3 Qf4+ 38. Ke2 Qf2+ 39. Kd1 e2+ 40. Kc1 e1=Q+ 41. Qd1 1-0

[Event "AUTO-ADV-2974"]
[Site "http://www.queenalice.com/game.php?id=1222709"]
[Date "2013.10.7"]
[Round "1"]
[White "Shizumaru_Hisame"]
[Black "Mick_Gray"]
[Result "1-0"]
[WhiteElo "1805"]
[BlackElo "1740"]

1. e4 b6 2. d4 Bb7 3. d5 Nf6 4. Bd3 d6 5. f4 e6 6. dxe6 fxe6 7. Nf3 Bxe4 8. O-O
d5 9. Nc3 Nc6 10. Ng5 h6 11. Ngxe4 dxe4 12. Nxe4 Be7 13. Qe2 O-O 14. f5 Nxe4 15.
Bxe4 e5 16. Bxc6 Rc8 17. Qxe5 Bf6 18. Qg3 Qe7 19. Bxh6 Qc5+ 20. Kh1 Qxc6 21.
Rae1 Bxb2 22. Bg5 Qxc2 23. Rf2 Qc3 24. Qxc3 Bxc3 25. Re6 Rfe8 26. h4 Kf7 27.
Rxe8 Rxe8 28. Bf4 Be1 29. Rf1 Bxh4 30. Bxc7 Rh8 31. Kg1 Be7 32. Be5 Bc5+ 33. Rf2
Bxf2+ 34. Kxf2 Rh5 35. g4 Rh2+ 36. Bxh2 Kf6 37. Bb8 a6 38. Kf3 b5 39. Bc7 Kf7
40. g5 Ke7 41. Ke4 Kd7 42. Be5 g6 43. fxg6 Ke7 44. Kd5 a5 45. Ba1 b4 46. Bf6+
Kf8 47. g7+ Kg8 48. Kc5 a4 49. Kxb4 1-0

[Event "AUTO-ADV-2974"]
[Site "http://www.queenalice.com/game.php?id=1222710"]
[Date "2013.10.7"]
[Round "1"]
[White "Mick_Gray"]
[Black "Shizumaru_Hisame"]
[Result "1-0"]
[WhiteElo "1766"]
[BlackElo "1726"]

1. f4 d5 2. e3 g6 3. Nf3 Bg7 4. d4 Nf6 5. Bd3 O-O 6. Nh4 b6 7. O-O c5 8. c4 cxd4
9. exd4 Nc6 10. f5 Nxd4 11. fxg6 fxg6 12. Bg5 Bg4 13. Qd2 dxc4 14. Bxc4+ e6 15.
Nc3 Ne4 16. Rxf8+ Qxf8 17. Nxe4 Rd8 18. Bxd8 Qxd8 19. h3 Bxh3 20. gxh3 Qxh4 21.
Bxe6+ Nxe6 22. Qd5 Qe7 23. Re1 Kh8 24. Nd6 h5 25. Rxe6 Qc7 26. Re8+ Kh7 27. Qg8+
Kh6 28. Nf7+ 1-0

[Event "AUTO-ADV-2974"]
[Site "http://www.queenalice.com/game.php?id=1222715"]
[Date "2013.10.7"]
[Round "1"]
[White "AfeuLira"]
[Black "Mick_Gray"]
[Result "1-0"]
[WhiteElo "2080"]
[BlackElo "1769"]

1. Nf3 f5 2. d4 e6 3. c4 b6 4. e3 Bb7 5. Be2 Nf6 6. O-O c5 7. dxc5 Bxc5 8. Nc3
O-O 9. a3 a6 10. b4 Be7 11. Bb2 d6 12. Qb3 b5 13. cxb5 axb5 14. Nxb5 Ne4 15.
Rfd1 d5 16. Rac1 Bh4 17. Nxh4 Qxh4 18. g3 Qh3 19. Bf1 Qg4 20. Nc7 f4 21. exf4
Rxf4 22. Qe3 Nc6 23. Qxf4 Qxf4 24. gxf4 Rf8 25. Nxe6 Rf5 26. Nxg7 Rf7 27. Ne6 h5
28. Rxd5 Nxb4 29. Rd8+ Kh7 30. axb4 h4 31. Bd3 Kh6 32. Bxe4 Bxe4 33. Rc5 Bf5 34.
Rc6 Kh5 35. f3 Bxe6 36. Rxe6 Rxf4 37. Rh8+ Kg5 38. Rhh6 Rxf3 39. Reg6+ Kf4 40.
Rf6+ Ke3 41. Bc1+ Ke4 42. Rxf3 1-0

[Event "AUTO-ADV-2974"]
[Site "http://www.queenalice.com/game.php?id=1222716"]
[Date "2013.10.7"]
[Round "1"]
[White "Mick_Gray"]
[Black "AfeuLira"]
[Result "0-1"]
[WhiteElo "1737"]
[BlackElo "2057"]

1. f4 c5 2. e4 d6 3. Nf3 Bd7 4. b3 Nf6 5. Bb2 e6 6. e5 dxe5 7. fxe5 Nd5 8. Nc3
Bc6 9. Bc4 Be7 10. O-O O-O 11. Nxd5 Bxd5 12. Bd3 Nd7 13. c4 Bc6 14. Qc2 h6 15.
Rf2 a6 16. Raf1 Qc7 17. Be4 Rad8 18. g3 b5 19. cxb5 Bxe4 20. Qxe4 axb5 21. h4
Nb6 22. g4 Nd5 23. g5 hxg5 24. hxg5 g6 25. Rh2 Kg7 26. Kg2 Rh8 27. Rxh8 Rxh8 28.
Rh1 Rxh1 29. Kxh1 Qa5 30. a4 bxa4 31. Qxa4 Qb6 32. d4 cxd4 33. Bxd4 Qc7 34. Kg2
Qc2+ 35. Kg3 Qe4 36. Kf2 Qf4 37. Ke2 Bxg5 38. b4 Qe4+ 39. Kf2 Be3+ 40. Bxe3
Qxe3+ 41. Kg2 g5 42. b5 Nf4+ 43. Kg3 Kh6 44. Qd1 Ne2+ 45. Kg2 g4 46. Nh2 Qg3+
47. Kf1 Qxh2 48. Qxe2 Qf4+ 49. Kg2 Kg5 50. b6 Qd4 51. Kg3 Qxb6 52. Qxg4+ Kh6 53.
Qf4+ Kg7 54. Qf6+ Kg8 55. Kg4 Qg1+ 56. Kh5 Qh2+ 57. Kg5 Qg3+ 58. Kh6 Qe3+ 59.
Kh5 Qe4 60. Kh6 Qh7+ 61. Kg5 Qg7+ 62. Kf4 Qxf6+ 63. exf6 Kh7 64. Kg5 Kh8 65. Kf4
Kg8 66. Kg5 Kh7 67. Kh5 e5 68. Kg5 e4 69. Kf4 Kg6 70. Kxe4 Kxf6 71. Kf4 Ke6 72.
Ke4 Kf6 73. Kf4 Kg6 0-1

[Event "Challenge W"]
[Site "http://www.queenalice.com/game.php?id=1327546"]
[Date "2014.12.11"]
[Round "-"]
[White "Mick_Gray"]
[Black "Reddaz"]
[Result "0-1"]
[WhiteElo "1708"]
[BlackElo "1694"]

1. f4 c5 2. Nf3 Nc6 3. e4 e6 4. Bb5 Nge7 5. O-O g6 6. Nc3 Bg7 7. Bxc6 Nxc6 8. f5
O-O 9. d3 d6 10. Be3 exf5 11. exf5 Bxf5 12. d4 cxd4 13. Nxd4 Ne7 14. Qf3 Qd7 15.
Nd5 Be6 16. Nf6+ Bxf6 17. Qxf6 Nd5 18. Qf3 Rac8 19. c3 Rfe8 20. Bd2 Bg4 21. Qf2
Nb6 22. Rae1 Nc4 23. Bh6 Ne5 0-1

[Event "Challenge B"]
[Site "http://www.queenalice.com/game.php?id=1327547"]
[Date "2014.12.11"]
[Round "-"]
[White "Reddaz"]
[Black "Mick_Gray"]
[Result "1-0"]
[WhiteElo "1711"]
[BlackElo "1691"]

1. e4 e5 2. Nf3 Nf6 3. Nxe5 Nxe4 4. Qf3 Nf6 5. d4 Qe7 6. Be2 Nc6 7. Nxc6 dxc6 8.
h3 Be6 9. O-O O-O-O 10. c3 Bd5 11. Qf5+ Kb8 12. Be3 g6 13. Qd3 h5 14. Nd2 Bh6
15. c4 Be6 16. Bf3 g5 17. Qb3 g4 18. Bxc6 b6 19. Bxh6 gxh3 20. g3 Rxh6 21. Nf3
Bg4 22. Rfe1 Qd6 23. d5 Nd7 24. Ng5 Qf6 25. Qb5 Qxg5 26. f4 Qg7 27. b4 1-0